Organizational development / (Record no. 98769)

MARC details
000 -LEADER
fixed length control field 00916nam a22002777a 4500
003 - CONTROL NUMBER IDENTIFIER
control field URS
005 - DATE AND TIME OF LATEST TRANSACTION
control field 20260319152939.0
008 - FIXED-LENGTH DATA ELEMENTS--GENERAL INFORMATION
fixed length control field 260216t ph ||||| |||| 001 0 eng d
020 ## - INTERNATIONAL STANDARD BOOK NUMBER
International Standard Book Number 9786210450439
040 ## - CATALOGING SOURCE
Original cataloging agency DLC
Language of cataloging eng
Transcribing agency DLC
Modifying agency DLC
-- URS
Description conventions rda
050 ## - LIBRARY OF CONGRESS CALL NUMBER
Classification number HD 58.8
Item number Sy1 2024
100 ## - MAIN ENTRY--PERSONAL NAME
Personal name Sy, Maria Victoria U.
Relator term author.
245 ## - TITLE STATEMENT
Title Organizational development /
Statement of responsibility, etc. Maria Victoria U. Sy.
264 ## - PRODUCTION, PUBLICATION, DISTRIBUTION, MANUFACTURE, AND COPYRIGHT NOTICE
Place of production, publication, distribution, manufacture Sampaloc, Manila :
Name of producer, publisher, distributor, manufacturer Rex Book Store, Inc.,
Date of production, publication, distribution, manufacture, or copyright notice [2024]
300 ## - PHYSICAL DESCRIPTION
Extent xii, 192 pages ;
Dimensions 25 cm.
336 ## - CONTENT TYPE
Source rdacontent
Content type term text
Content type code txt
337 ## - MEDIA TYPE
Source rdamedia
Media type term unmediated
Media type code n
338 ## - CARRIER TYPE
Source rdacarrier
Carrier type term volume
Carrier type code nc
504 ## - BIBLIOGRAPHY, ETC. NOTE
Bibliography, etc. note Includes bibliographical references (pages 185-186), glossary, and indexes.
650 ## - SUBJECT ADDED ENTRY--TOPICAL TERM
Topical term or geographic name entry element Industrial management
Geographic subdivision Philippines.
650 ## - SUBJECT ADDED ENTRY--TOPICAL TERM
Topical term or geographic name entry element Organizational change
650 ## - SUBJECT ADDED ENTRY--TOPICAL TERM
Topical term or geographic name entry element Organizational effectiveness
650 ## - SUBJECT ADDED ENTRY--TOPICAL TERM
Topical term or geographic name entry element Corporate culture.
650 ## - SUBJECT ADDED ENTRY--TOPICAL TERM
Topical term or geographic name entry element Leadership.
942 ## - ADDED ENTRY ELEMENTS (KOHA)
Source of classification or shelving scheme Library of Congress Classification
Koha item type Filipiniana
Holdings
Withdrawn status Source of classification or shelving scheme Damaged status Not for loan Home library Current library Shelving location Date acquired Total Checkouts Full call number Barcode Date last seen Copy number Price effective from Koha item type Collection code
  Library of Congress Classification     Antipolo College Library Antipolo College Library Filipiniana Section 10/23/2025   HD 58.8 .Sy1 2024 URSANT-06251 02/26/2026 1 02/26/2026 Filipiniana Non-fiction
  Library of Congress Classification     Antipolo College Library Antipolo College Library Filipiniana Section 10/23/2025   HD 58.8 .Sy1 2024 URSANT-06252 02/26/2026 2 02/26/2026 Filipiniana Non-fiction
  Dewey Decimal Classification     Pililla College Library Pililla College Library Filipiniana Section 02/16/2026   658.406 Sy1 2024 URSPIL-7475 02/16/2026 1 02/16/2026 Filipiniana  
  Dewey Decimal Classification     Pililla College Library Pililla College Library Filipiniana Section 02/16/2026   658.406 Sy1 2024 URSPIL-7476 02/16/2026 2 02/16/2026 Filipiniana  

University of Rizal System
Email us at univlibservices@urs.edu.ph

Visit our Website www.urs.edu.ph/library